Loading...
| Science - Chemistry | 0 | 3 | 1 | 0 | 25 | 95 | 106.00 | 2 | 3 | 0.00 | 0.00 |
| Fine Arts - Visual | 0 | 2 | 0 | 1 | 20 | 121 | 136.50 | 0 | 2 | 0.00 | 0.00 |
| Fine Arts - Auditory | 0 | 2 | 0 | 0 | 20 | 138 | 148.50 | 1 | 2 | 0.00 | 0.00 |
| Literature - World | 0 | 2 | 0 | 1 | 20 | 143 | 147.50 | 0 | 2 | 0.00 | 0.00 |
| Literature - American | 0 | 2 | 1 | 1 | 15 | 111 | 127.00 | 0 | 2 | 0.00 | 0.00 |
| Social Science | 0 | 2 | 1 | 0 | 15 | 101 | 104.00 | 1 | 2 | 0.00 | 0.00 |
| Fine Arts - Other | 0 | 2 | 1 | 0 | 15 | 123 | 136.00 | 1 | 2 | 0.00 | 0.00 |
| Religion | 0 | 1 | 0 | 1 | 10 | 147 | 147.00 | 0 | 1 | 0.00 | 0.00 |
| Mythology | 0 | 1 | 0 | 1 | 10 | 149 | 149.00 | 0 | 1 | 0.00 | 0.00 |
| Literature - British | 0 | 1 | 0 | 0 | 10 | 146 | 146.00 | 0 | 1 | 0.00 | 0.00 |
| Science - Biology | 0 | 2 | 3 | 0 | 5 | 94 | 97.00 | 0 | 2 | 0.00 | 0.00 |
| Science - Physics | 0 | 1 | 2 | 0 | 0 | 129 | 129.00 | 0 | 1 | 0.00 | 0.00 |
| Literature - European | 0 | 0 | 0 | 0 | 0 | 0.00 | 0 | 0 | 0.00 | 0.00 |